000 00247nam a22000977a 4500
999 _c2885
_d2885
008 190403e1994 mx ||||| |||| 00| 0 spa d
245 _aCecil. Tratado de Medicina Interna
250 _819a ed.
260 _aMexico
_bInteramericana
_c1994
500 _3Baja